| 000 | 00696nam a2200241 a 4500 | ||
|---|---|---|---|
| 005 | 20240924070829.0 | ||
| 008 | 151020s1991 mx r 000 0 spa d | ||
| 020 | _a8423406466 | ||
| 035 | _aUPN01000206157 | ||
| 049 | _aCG | ||
| 050 | 4 |
_aBF431 _bB8.2 1991 |
|
| 100 | 1 |
_aBuzan, Tony, _d1942- _937857 |
|
| 245 | 1 | 0 |
_aCómo utilizar su mente con máximo rendimiento / _cTony Buzan. |
| 250 | _a2a ed. correg. | ||
| 260 |
_aBilbao, Esp. : _bDeusto, _c1991. |
||
| 300 | _a151 p. | ||
| 440 | 0 | _aPsicologia y desarrollo personal | |
| 534 |
_pTitulo original: _tUse your Head |
||
| 650 | 4 |
_aInteligencia _9939 |
|
| 650 | 2 |
_aDesarrollo intelectual _99159 |
|
| 905 | _aLibro | ||
| 999 |
_c178258 _d178258 |
||